The fifteen decisive battles of the world /

محفوظ في:

المؤلف الرئيسي: Creasy, Edward Shepherd, 1812-1878 (مؤلف)

التنسيق: كتاب

اللغة: English

منشور في: London : New York : J.M. Dent & Sons ; E.P. Dutton & Co., [1937].

سلاسل: Everyman's library. History ; 300.

الموضوعات:

الوسوم: إضافة وسم

لا توجد وسوم, كن أول من يضع وسما على هذه التسجيلة!

رقم الطلب: D25 .C952 1937

LEADER 00895namaa2200217 4500
001 21082
003 OSt
005 20251123112335.0
008 130303s1937 enkabe g 000 0 eng d
040 |c ARCE Library 
050 4 |a D25 .C952 1937 
100 1 |a Creasy, Edward Shepherd,  |d 1812-1878,   |e author  |9 28411 
245 1 4 |a The fifteen decisive battles of the world /  |c [by] Sir Edward S. Creasy. 
264 1 |a London :  |b J.M. Dent & Sons ;  |a New York :  |b E.P. Dutton & Co.,  |c [1937]. 
300 |a xiii, [1], 434 pages :  |b illustrations (including maps, plans) ;  |c 18 cm. 
490 0 |a Everyman's library. History ;   |v 300. 
500 |a "First published in this edition 1908. Reprinted ... 1937." 
650 0 |a Battles 
901 |a reviewed 
942 |c BK  |2 lcc 
999 |c 18400  |d 18400